Statistics for San Francisco Giants Trivia

Click here to take the quiz!

General Stats

  • This quiz has been taken 247 times
    (87 since last reset)
  • The average score is 11 of 14

Answer Stats

QuestionAnswer% Correct
Giants catcher from 2009–2021Buster Posey
99%
City that the Giants played in before moving to San Francisco in 1958New York
99%
Player who hit a record 73 home runs in 2001Barry Bonds
97%
Player known as the "The Say Hey Kid"Willie Mays
97%
Place where kayakers gather in an effort to retrieve home run balls{McCovey} Cove
92%
The 1989 World Series between the Giants and A's was interrupted by an ...Earthquake
91%
Current outfielder who is the grandson of a Red Sox legendMike Yastrzemski
84%
Clutch pitcher who allowed just 1 run in 36 World Series innings, leading the team to
titles in 2010, 2012, and 2014
Madison Bumgarner
82%
Two time Cy Young winner known as "The Freak"Tim Lincecum
82%
The Giants' stadium from 1960–1999{Candlestick} Park
76%
1960s All-Star whose first name is a city in FloridaOrlando Cepeda
55%
Slugger who hit 511 home runs from 1926–1947 and whose name is
well-known by crossword enthusiasts
Mel Ott
50%
Player whose 1951 pennant-clinching home run was known as the
"Shot Heard 'Round the World"?
Bobby Thomson
47%
Screwball pitcher who struck out five Hall of Famers in a row during
the 1934 All-Star game
Carl Hubbell
32%

Score Distribution

Percentile by Number Answered

Percent of People with Each Score

Your Score History

You have not taken this quiz since the last reset